000 01994cam a22002174a 4500
005 20250605164232.0
008 250528s ||||||||||||||||||||||||d
035 _a21002
020 _a9781599416083
040 _aGR-AtMCL
_bgre
_dGR-AtMCL
_eAACR2
245 1 _aCorporate Finance / Principles and Practice: Second Edition
250 _a2nd
260 _bThomson Reuters/ Foundation Press,
_c2010
300 _a872
505 0 _aPreface, Acknowledgements, Introduction, Measuring Firm Output, Forms of Financial Reports, Valuing Firm Output, Discounting and Present Value, The Cost of Capital, Efficient Capital Markets, Valuation in the Courts, Capital Structure, The Range of Financial Choices, The Real World, Capital Structure in the Courts, The Wages of Excessive Debt, Common Stock, The Problem of Dilution, Corporate Debt, Contract Interpretation, Contract Terms, Capital Leasing, Preferred Stock, Dividends, Board Duties, Options and Convertible Securities, How Options Operate, Valuation of Options, Dividends and Distributions, Distributions and Investor Wealth, Stock Dividends and Stock Splits, Stock Repurchases, Leveraged Buyouts, Index.
520 _aPreface, Acknowledgements, Introduction, Measuring Firm Output, Forms of Financial Reports, Valuing Firm Output, Discounting and Present Value, The Cost of Capital, Efficient Capital Markets, Valuation in the Courts, Capital Structure, The Range of Financial Choices, The Real World, Capital Structure in the Courts, The Wages of Excessive Debt, Common Stock, The Problem of Dilution, Corporate Debt, Contract Interpretation, Contract Terms, Capital Leasing, Preferred Stock, Dividends, Board Duties, Options and Convertible Securities, How Options Operate, Valuation of Options, Dividends and Distributions, Distributions and Investor Wealth, Stock Dividends and Stock Splits, Stock Repurchases, Leveraged Buyouts, Index.
700 1 _aCarney William J
_97021
942 _cBK
999 _c6079
_d6079